00362pab a2200133 454500008004000000100002400040245005900064260000900123300001300132362000800145650004000153650002400193773001100217180718b2004 xxu||||| |||| 00| 0 eng d aPurkayastha, Gautam aCredit deepening in farm and non-farm sectors in Assam c2004 ap.28-34. aApr aAgricultural credit - India - Assam aAgricultural credit aYojana